01372nab a22002057a 4500003000400000005001700004008004100021040000700062100002000069245020500089260004200294300001300336500003700349505050800386505008900894650002000983650002401003650002501027773011401052OSt20260209124119.0190506c xxu||||| |||| 00| 0 spa d cPJ aFavier, Mariano10aReparación de los daños provocados al trabajador por la omisión de registro laboral con base en el instituto del enriquecimiento sin causa del art. 1794 del Cód. Civ. y Com. /cMariano Favier. aBuenos Aires :bAbeledoPerrot,c2025. ap. 17-25 aCita: TR LALEY AR/DOC/232/2025.  aSumario: I. Introducción.— II. De falacias y equívocos: de la "industria del juicio laboral" a las mal llamadas "multas legislativas".— III. Responsabilidad por incumplimientos contractuales y derecho de daños en el ámbito laboral.— IV. Resarcimiento de los daños provocados por incumplimiento contractual de registro e ingreso de aportes del empleador con base en el enriquecimiento sin causa del art. 1794 Cód. Civ. y Com.— V. El problema de la prescripción.— VI. Conclusiones. t¿Te interesa el texto completo? Comunicate al correo: koha@justierradelfuego.gov.ar 0aDERECHO LABORAL 0aCONTRATO DE TRABAJO 0aREGISTRACION LABORAL0 02751dBuenos Aires : AbeledoPerrot, 2013-tRevista de derecho laboral y seguridad social. Nº 6 - Marzo 2025